A burgonya integrált növényvédelme

Elmentve itt :
Bibliográfiai részletek
Szerző: Zsakarovszky Márton
További közreműködők: Mile Lajos (Témavezető)
Dokumentumtípus: Szakdolgozat
Megjelent: 2004
Kulcsszavak:Burgonya
Integrált növényvédelem
Növényvédelem
Tárgyszavak:
Online Access:http://diploma.bibl.u-szeged.hu/101413
LEADER 00747nta a2200229 i 4500
001 dipl101413
005 20211122090734.0
008 211117s2004 hu om 0|| hun d
040 |a SZTE Diploma Repozitórium  |b hun 
041 |a hun 
100 1 |a Zsakarovszky Márton 
245 1 2 |a A burgonya integrált növényvédelme  |h [elektronikus dokumentum] /  |c Márton Zsakarovszky 
260 |c 2004 
300 |a 37 
650 4 |a Agrár 
650 4 |a Agricultural sciences 
650 4 |a Agriculture, forestry and fisheries 
695 |a Burgonya 
695 |a Integrált növényvédelem 
695 |a Növényvédelem 
700 1 |a Mile Lajos  |e ths 
856 4 0 |u http://diploma.bibl.u-szeged.hu/id/eprint/101413/1/2004_zsakarovszky_marton.pdf  |z Dokumentum-elérés